| 000 | 00862nam a2200229Ia 4500 | ||
|---|---|---|---|
| 008 | 130821s2009 sp gr spa | ||
| 020 | _a9788461346585 | ||
| 040 |
_aCo-BoUCM _bspa |
||
| 041 | 0 | 0 | _aspa |
| 100 | 1 |
_aLaporta, Francisco J. _9121117 |
|
| 245 | 1 | 0 |
_aCerteza y predecibilidad de las relaciones jurídicas _cFrancisco J. Laporta, Juan Ruiz Manero, Miguel Ángel Rodilla. |
| 260 |
_aMadrid (España) _bFundación Coloquio Jurídico Europeo _c2009 |
||
| 300 | _a122 páginas | ||
| 504 | _aIncluye referencias bibliográficas. | ||
| 650 | 0 | 4 |
_aFilosofía del derecho _915792 |
| 650 | 0 | 4 |
_aTeoría del derecho _925308 |
| 700 | 1 |
_aRodilla,Miguel Ángel _9159781 |
|
| 700 | 1 |
_aRuiz Manero, Juan _930987 |
|
| 710 | 2 |
_aFundación Coloquio Jurídico Europeo _9159782 |
|
| 942 |
_cLIBRO _a8 _e1 _mL315c _2DEWEY _h340.1 |
||
| 999 |
_c38640 _d38640 |
||